00241nam a2200097Ia 4500008004100000082001400041100001000055245004100065260002500106650001200131150201s1998 xx 000 0 und d a617bC98S aMOSHE aCRUCIAL CONTOVERSICES SUEGERIES 1998 bPANTHERaDELHIc1998 aSURGERY